| 000 | 00548nmm a2200169Ia 4500 | ||
|---|---|---|---|
| 008 | 251105s9999||||xx |||||||||||||||||und|| | ||
| 020 | _a9562827836 | ||
| 041 | _aspa | ||
| 100 | _aBaraona, Miguel | ||
| 245 | 0 |
_aPuntos de Fuga : _b El fin de una historia y la transición a la hipermodernidad |
|
| 264 |
_a[Santiago de Chile, Chile] : _bLOM Ediciones, _c2005 |
||
| 300 | _a176 pƔginas | ||
| 490 | _aCiencias Sociales y Humanas | ||
| 650 | _aSocial Sciences (General) | ||
| 856 | _uhttps://public.digitaliapublishing.com/a/13056 | ||
| 942 | _cCF | ||
| 999 |
_c74351 _d74351 |
||